Chemical complexity and the genetics of aging /

Shranjeno v:
Bibliografske podrobnosti
Glavni avtor: Pletcher, Scott D.
Drugi avtorji: Kabil, Hadise., Partridge, Linda.
Format: Bài viết
Jezik:English
Teme:
Oznake: Označite
Brez oznak, prvi označite!
Thư viện lưu trữ: Thư viện Trường Đại học Đà Lạt
LEADER 00938nam a2200313 4500
001 DLU090067016
005 ##20090424
040 # # |a DLU  |b eng 
041 # # |a eng 
044 # # |a US 
100 # # |a Pletcher, Scott D.  
245 # # |a Chemical complexity and the genetics of aging /  |c Scott D. Pletcher, Hadise Kabil, Linda Partridge. 
653 # # |a Evolutionary conservation 
653 # # |a Innate immunity 
653 # # |a Metabolism 
653 # # |a Sensory perception 
653 # # |a Xenobiotic 
700 # # |a Kabil, Hadise.  
700 # # |a Partridge, Linda.  
773 # # |t Annual Review of Ecology, Evolution, and Systematics  |g Vol. 38 (2007), p. 299-326 
920 # # |a Phòng Tạp chí -- Trung tâm Thông tin - Thư viện Trường Đại học Đà Lạt 
994 # # |a DLU 
900 # # |a True 
911 # # |a Trương Bảo Trâm Anh 
925 # # |a G 
926 # # |a A 
927 # # |a BB 
980 # # |a Thư viện Trường Đại học Đà Lạt